000 00523cam a22002171 4500
001 sa 63002044
003 DLC
005 20260227111931.0
008 891214s1962 ii 000 0 hino
010 _asa 63002044
035 _a(OCoLC)20785260
040 _aDLC
_cWaU
_dDLC
042 _apremarc
050 0 0 _aPK2033
_b.M3
100 1 _aMadan, Indar Nath.
245 1 0 _aSugama tathā śāstrīya saṅgīta.
260 _c[1962]
300 _a91 p.
_c19 cm.
500 _aIn Hindi.
650 0 _aHindi literature.
999 _c54274
_d54274